<?xml version="1.0" encoding="UTF-8"?>
<collection xmlns="http://www.loc.gov/MARC21/slim">
 <record>
  <leader>00778pamaa2200169   4500</leader>
  <controlfield tag="001">0000039910</controlfield>
  <controlfield tag="005">20110126090000.0</controlfield>
  <datafield tag="090" ind1="0" ind2="0">
   <subfield code="a">TA145 </subfield>
   <subfield code="b">YEE 2006</subfield>
  </datafield>
  <datafield tag="100" ind1="1" ind2="0">
   <subfield code="a">YEE MING JIUNN </subfield>
  </datafield>
  <datafield tag="245" ind1="1" ind2="0">
   <subfield code="a">Design of Built-In Compartment with Cloth Dying Facilities for Apartment  </subfield>
   <subfield code="c">Yee Ming Jiunn...(et. all).</subfield>
  </datafield>
  <datafield tag="260" ind1="0" ind2="0">
   <subfield code="a">Nilai: </subfield>
   <subfield code="b">INTI College Malaysia, </subfield>
   <subfield code="c">January 2006.</subfield>
  </datafield>
  <datafield tag="300" ind1=" " ind2=" ">
   <subfield code="a">Volume 1; </subfield>
   <subfield code="c">30 cm.</subfield>
  </datafield>
  <datafield tag="440" ind1="0" ind2="0">
   <subfield code="a">UK DEGREE TRANSFER PROGRAMME JANUARY 2006</subfield>
  </datafield>
  <datafield tag="500" ind1="0" ind2="0">
   <subfield code="a">Being a project paper submitted to INTI College Malaysia as a requirements for comppleting UK Dergee Transfer Programme and under the managment and supervision of School of Engineering and Technology, INTI College Malaysia</subfield>
  </datafield>
  <datafield tag="650" ind1="0" ind2="0">
   <subfield code="a">Dissertations, academic -- </subfield>
   <subfield code="x">Engineering </subfield>
  </datafield>
  <datafield tag="700" ind1="1" ind2="1">
   <subfield code="a">Chong Xin Xi </subfield>
  </datafield>
  <datafield tag="700" ind1="1" ind2="1">
   <subfield code="a">Teow Puay Har </subfield>
  </datafield>
 </record>
</collection>
